Fluid Mechanics and Hydraulic Machines (Record no. 223592)

MARC details
000 -LEADER
fixed length control field 00486nam a2200193Ia 4500
008 - FIXED-LENGTH DATA ELEMENTS--GENERAL INFORMATION
fixed length control field 240823s9999||||xx |||||||||||||| ||und||
020 ## - INTERNATIONAL STANDARD BOOK NUMBER
International Standard Book Number 978-93259-82741-9
082 ## - DEWEY DECIMAL CLASSIFICATION NUMBER
-- 620.106 Q5
100 ## - MAIN ENTRY--PERSONAL NAME
Personal name Mandal D K et al.
245 #0 - TITLE STATEMENT
Title Fluid Mechanics and Hydraulic Machines
250 ## - EDITION STATEMENT
Edition statement 1st
260 ## - PUBLICATION, DISTRIBUTION, ETC. (IMPRINT)
Date of publication, distribution, etc 2015
Name of publisher, distributor, etc Vikas Publishing
500 ## - GENERAL NOTE
General note TRANSFERED
650 ## - SUBJECT ADDED ENTRY--TOPICAL TERM
Topical term or geographic name as entry element Hydraulic Machines
942 ## - ADDED ENTRY ELEMENTS (KOHA)
Item type Books
Holdings
Withdrawn status Lost status Damaged status Permanent location Current location Shelving location Date acquired Source of acquisition Cost, normal purchase price Full call number Barcode Date last seen Koha item type
      CENTRAL LIBRARY, NOORUL ISLAM CENTRE FOR HIGHER EDUCATION CENTRAL LIBRARY, NOORUL ISLAM CENTRE FOR HIGHER EDUCATION   10/26/2015 TBH Library Book Suppliers 325.00 620.106 Q5 72493 08/23/2024 Books
Visitors:
Copyright © 2024 Central Library NICHE.  All rights reserved.